'S' Sitcom Surnames Quiz Stats

 Plays Quiz Updated Jan 11, 2018

Support Sporcle.
Go Orange.
Score 0/16 Timer 04:00
7 Plays Today
% Correct
Will Smith
96.8%
Sabrina Spellman
95.9%
Maggie Simpson
95.6%
Jerry Seinfeld
94.3%
Ron Swanson
91.6%
Michael Scott
89%
Mary Ann Summers
86.1%
Robin Scherbatsky
86%
% Correct
Butters Stotch
82.6%
Lilith Sternin
78.9%
Jonah Simms
78.6%
Jessie Spano
77%
Dick Solomon
76.8%
Emily Sweeney
74.1%
Walden Schmidt
68.6%
Rick Sanchez
59.3%

From the Vault

Minimalist Block Characters III

by MrChewypoo

They may look like bar-codes, but we don't recommend scanning them.
Remove Ads.
Support Sporcle.
Get the best of Sporcle when you Go Orange. This ad-free experience offers more features, more stats, and more fun while also helping to support Sporcle. Thank you for becoming a member.

Show Comments

Extras

Top Quizzes Today


Score Distribution

Your Account Isn't Verified!

In order to create a playlist on Sporcle, you need to verify the email address you used during registration. Go to your Sporcle Settings to finish the process.

Report this User

Report this user for behavior that violates our Community Guidelines.

Details: